Estatutos de la santa y apostólica Iglesia Catedral de Almería. (Record n. 32181)

Dettagli MARC
000 -LEADER
fixed length control field 00690cam a2200205 i 4500
003 - CONTROL NUMBER IDENTIFIER
control field IT-RoINE
005 - DATE AND TIME OF LATEST TRANSACTION
control field 20200928060413.0
008 - FIXED-LENGTH DATA ELEMENTS--GENERAL INFORMATION
fixed length control field 080416s1929 sp |r|||| 000 | spa d
040 ## - CATALOGING SOURCE
Original cataloging agency SpMaBN
Transcribing agency SpMaBNIT-RoINE
Modifying agency IT-RoINE
110 2# - MAIN ENTRY--CORPORATE NAME
Corporate name or jurisdiction name as entry element Catedral de Almería (España)
9 (RLIN) 63120
245 10 - TITLE STATEMENT
Title Estatutos de la santa y apostólica Iglesia Catedral de Almería.
260 ## - PUBLICATION, DISTRIBUTION, ETC. (IMPRINT)
Place of publication, distribution, etc Almería :
Name of publisher, distributor, etc Imprenta E. Opihuela,
Date of publication, distribution, etc [1929]
300 ## - PHYSICAL DESCRIPTION
Extent 154 p. ;
Dimensions 16 cm.
336 ## - CONTENT TYPE
Source rdacontent
Content type term text
337 ## - MEDIA TYPE
Source rdamedia
Media type term unmediated
338 ## - CARRIER TYPE
Source rdacarrier
Carrier type term volume
610 24 - SUBJECT ADDED ENTRY--CORPORATE NAME
Corporate name or jurisdiction name as entry element Catedral de Almería (España)
General subdivision Estatutos
9 (RLIN) 63121
710 2# - ADDED ENTRY--CORPORATE NAME
Corporate name or jurisdiction name as entry element Almería (España : Diócesis).
Subordinate unit Obispado
9 (RLIN) 20040
942 ## - ADDED ENTRY ELEMENTS (KOHA)
Item type Monografías
Dati di copia
Withdrawn status Lost status Damaged status Not for loan Home library Current library Date acquired Total Checkouts Full call number Barcode Date last seen Price effective from Koha item type
        Iglesia Nacional Española en Roma Iglesia Nacional Española en Roma 04/10/2019   FUE.HIS.ECL 80 58882 04/10/2019 04/10/2019 Monografías